Statistics for Three Letter Words Starting With S

Click here to take the quiz!

General Stats

  • This quiz has been taken 455 times
  • The average score is 37 of 54

Answer Stats

word% Correct
sat
95%
sit
93%
sad
92%
saw
91%
set
91%
say
90%
sin
90%
sun
90%
sap
88%
son
88%
sip
87%
sew
86%
see
84%
sir
84%
sag
82%
sop
82%
sow
82%
sac
79%
sot
77%
sod
76%
sea
75%
sob
75%
sup
75%
sum
74%
sex
72%
sub
72%
sim
71%
sic
70%
soy
69%
sol
68%
six
66%
sen
64%
sax
63%
she
63%
shy
61%
sly
61%
sis
60%
spy
60%
sue
60%
sox
59%
sty
59%
sec
58%
sib
57%
sab
56%
som
56%
sky
47%
spa
45%
ski
39%
sou
39%
sav
37%
sei
33%
ska
29%
suq
23%
sri
17%

Score Distribution

Percentile by Number Answered

Percent of People with Each Score

Your Score History

You have not taken this quiz